ARRUPE JESUIT UNIVERSITY

CORONAVIRUS -STOP THE SPREAD - CLEAN,DISINFECT,COVER

Witchcraft, sorcery, magic, and social order among the Ibibio of Nigeria / (Record no. 100413)

MARC details
000 -LEADER
fixed length control field 01206nam a2200337 a 4500
001 - CONTROL NUMBER
control field 1569838
003 - CONTROL NUMBER IDENTIFIER
control field ARRUPE
005 - DATE AND TIME OF LATEST TRANSACTION
control field 20170607125333.0
008 - FIXED-LENGTH DATA ELEMENTS--GENERAL INFORMATION
fixed length control field 930104s1991 nr b 000 0 eng d
010 ## - LIBRARY OF CONGRESS CONTROL NUMBER
LC control number 92192874
020 ## - INTERNATIONAL STANDARD BOOK NUMBER
International Standard Book Number 9781560339 (pbk.)
020 ## - INTERNATIONAL STANDARD BOOK NUMBER
International Standard Book Number 9781560347 (hbk.)
035 ## - SYSTEM CONTROL NUMBER
System control number (OCoLC)26578910
040 ## - CATALOGING SOURCE
Original cataloging agency NN
Transcribing agency NN
Modifying agency PPiU
-- DLC
042 ## - AUTHENTICATION CODE
Authentication code lccopycat
043 ## - GEOGRAPHIC AREA CODE
Geographic area code f-nr---
050 00 - LIBRARY OF CONGRESS CALL NUMBER
Classification number DT515.45.I24
Item number O33 1991
300 ## - PHYSICAL DESCRIPTION
Dimensions 22 cm.
100 1# - MAIN ENTRY--PERSONAL NAME
Personal name Offiong, Daniel A.
9 (RLIN) 32263
245 10 - TITLE STATEMENT
Title Witchcraft, sorcery, magic, and social order among the Ibibio of Nigeria /
Statement of responsibility, etc by Daniel A. Offiong.
260 ## - PUBLICATION, DISTRIBUTION, ETC. (IMPRINT)
Place of publication, distribution, etc Enugu, Nigeria :
Name of publisher, distributor, etc Fourth Dimension Pub. Co.,
Date of publication, distribution, etc 1991.
300 ## - PHYSICAL DESCRIPTION
Extent v, 146 p. ;
504 ## - BIBLIOGRAPHY, ETC. NOTE
Bibliography, etc Includes bibliographical references (p. 141-143) and index.
650 #0 - SUBJECT ADDED ENTRY--TOPICAL TERM
Topical term or geographic name as entry element Ibibio (African people)
General subdivision Rites and ceremonies.
9 (RLIN) 32264
650 #0 - SUBJECT ADDED ENTRY--TOPICAL TERM
Topical term or geographic name as entry element Ibibio (African people)
General subdivision Religion.
9 (RLIN) 32265
650 #0 - SUBJECT ADDED ENTRY--TOPICAL TERM
Topical term or geographic name as entry element Philosophy, Ibibio.
9 (RLIN) 32266
650 #0 - SUBJECT ADDED ENTRY--TOPICAL TERM
Topical term or geographic name as entry element Witchcraft
Geographic subdivision Nigeria.
9 (RLIN) 32267
650 #0 - SUBJECT ADDED ENTRY--TOPICAL TERM
Topical term or geographic name as entry element Magic
Geographic subdivision Nigeria.
9 (RLIN) 32268
906 ## - LOCAL DATA ELEMENT F, LDF (RLIN)
a 7
b cbc
c copycat
d 3
e ncip
f 19
g y-gencatlg
942 ## - ADDED ENTRY ELEMENTS (KOHA)
Source of classification or shelving scheme Library of Congress Classification
Koha item type Monograph ( Printed materials)
Holdings
Withdrawn status Lost status Source of classification or shelving scheme Damaged status Not for loan Collection code Home library Current library Shelving location Date acquired Total Checkouts Full call number Barcode Date last seen Date checked out Copy number Price effective from Koha item type
    Library of Congress Classification     Main Collection ARRUPE LIBRARY ARRUPE LIBRARY   07/03/2013 3 DT515.45.I24O33 1991 46003087816 04/04/2023 22/03/2023 1 07/03/2013 Monograph ( Printed materials)
    Library of Congress Classification     Main Collection ARRUPE LIBRARY ARRUPE LIBRARY   07/03/2013 1 DT515.45.I24O33 1991 46003087817 29/03/2023 14/03/2023 2 07/03/2013 Monograph ( Printed materials)

 

Arrupe Library. PO Box MP320 Mt Pleasant, Harare, Zimbabwe
263 242 745411|librarian@aju.ac.zw